Psychology in industry
Gespeichert in:
| 1. Verfasser: | |
|---|---|
| Format: | Buch |
| Sprache: | Englisch |
| Veröffentlicht: |
Boston
Houghton Mifflin Company
1965
|
| Ausgabe: | 3. ed. |
| Schlagworte: | |
| Tags: |
Keine Tags, Fügen Sie das erste Tag hinzu!
|
MARC
| LEADER | 00000nam a2200000 4500 | ||
|---|---|---|---|
| 001 | c124669 | ||
| 005 | 20221123135726.5 | ||
| 041 | 0 | |a eng | |
| 044 | |a US | ||
| 245 | 1 | 0 | |a Psychology in industry |c Norman R.F. Maier |
| 250 | |a 3. ed. | ||
| 264 | 1 | |a Boston |b Houghton Mifflin Company |c 1965 | |
| 300 | |a 718 s. | ||
| 610 | 2 | 0 | |a psychológia |
| 610 | 2 | 0 | |a psychológia aplikovaná |
| 610 | 2 | 0 | |a psychológia ekonomická |
| 610 | 2 | 0 | |a psychológia priemyselná |
| 610 | 2 | 0 | |a psychológovia |
| 610 | 2 | 0 | |a správanie |
| 610 | 2 | 0 | |a motivácia |
| 610 | 2 | 0 | |a testy psychologické |
| 100 | 1 | |a Maier, Norman R.F. | |